Praktická prvá pomoc [nenahraditeľný sprievodca nevyhnutnou prvou pomocou v každej situácii ; obsahuje nový postup pri resuscitácii]

Bibliographic Details
Other Authors: Gregorcová, Viera (Translator)
Format: Book
Language:Slovak
English
PhysicalDescription:144 s. fareb. fotogr., tab. 21 cm
Published: Bratislava Príroda 2008
ISBN:9788007017085 (brož.)
Edition:1. vyd.
Subjects:

MARC

LEADER 00000nam a2200000 a 4500
001 vtls009333557
003 SK-MaSNL
005 20260301081806.0
008 160610s2008 xo ol g 001 0 slo
015 |a SNBA2008/09-04063 
020 |a 9788007017085 (brož.) 
035 |a 4432B4F1-EF68-442A-A44F-49479106E924 
035 |a urn:nbn:sk:snk-amlacm 
035 |a urn:nbn:sk:snk-am008qo1 
040 |a SNK  |b slo  |c SNK  |e AACR2 
041 1 |a slo  |h eng 
044 |a xo  |c SK 
072 7 |a 616  |x Patológia. Klinická medicína  |2 konspekt 
080 |a 616-083.98  |2 2001 
080 |a (035)  |2 2001 
245 0 0 |a Praktická prvá pomoc  |b [nenahraditeľný sprievodca nevyhnutnou prvou pomocou v každej situácii ; obsahuje nový postup pri resuscitácii]  |c [z anglického originálu preložila Viera Gregorcová] 
250 |a 1. vyd. 
260 |a Bratislava  |b Príroda  |c 2008 
300 |a 144 s.  |b fareb. fotogr., tab.  |c 21 cm 
500 |a A Dorling Kindersley book 
504 |a Reg. 
650 0 7 |a prvá pomoc  |2 SNKPH  |9 1520 
650 0 7 |a First aid  |2 SNKPHeng  |9 288664 
655 7 |a príručky  |2 SNKPH  |9 74364 
655 7 |a Handbooks, manuals, etc.  |2 SNKPHeng  |9 90964 
700 1 |a Gregorcová, Viera  |4 trl  |9 324438 
919 |a 978-80-07-01708-5 
958 |a OP 
958 |a MI 
958 |a OND 
968 |b ENG  |d 61 
999 |c 656827  |d 658757 
952 |a SNK  |b SNK  |y PREZ  |7 0  |p 17A0598957  |o snkSC 132997  |i snk2008/17225  |8 0  |0 0  |1 0  |4 0  |d 2008-09-12  |f 1  |l 0  |r 2025-06-24 00:00:00  |w 2026-02-23 
952 |a SNK  |b SNK  |y VYP  |7 0  |p 17A0598958  |o snkSC 132997 D1  |i snk2008/17226  |8 0  |0 0  |1 0  |4 0  |d 2008-09-12  |l 0  |r 2026-02-23 18:41:05  |w 2026-02-23